000 00585nam a22001817a 4500
999 _c5847
_d5847
003 OSt
005 20220624091310.0
008 220624b ||||| |||| 00| 0 eng d
020 _a-
040 _cALUPE UNIVERSITY COLLEGE
050 _aR130
_b.C55 2009
245 _aCLINICAL GUIDELINES FOR MANAGEMENT AND REFERRAL OF COMMON CONDITIONS AT LEVEL 1: THE COMMUNITY
260 _aNairobi
_bMinistry of Medical Services and Ministry of Public Health and Sanitation
_cc2009.
300 _axxviii., 148 pages.
_bill.
_c20cm
440 _v1
500 _aIncludes index
942 _2lcc
_cBK
_nWO